El sentido de pertenencia en familias asalariadas de Arandas, Jalisco /

Gespeichert in:
Bibliographische Detailangaben
1. Verfasser: Morales Saldívar, Mario Jacob (autor)
Format: Abschlussarbeit Buch
Sprache:Spanisch
Schlagworte:
Tags: Tag hinzufügen
Keine Tags, Fügen Sie das erste Tag hinzu!

MARC

LEADER 00000nam^a2200000^a^4500
001 000161758
005 20250521000000.0
005 20250521000000.0
009 20260310100809.108
037 |a Acervo ITESO - Biblioteca 
041 |a ESP 
090 |a MFS. 13 
100 |a Morales Saldívar, Mario Jacob  |e (autor) 
245 1 3 |a El sentido de pertenencia en familias asalariadas de Arandas, Jalisco /  |c M.J. Morales Saldívar. 
264 |a Guadalajara, México :  |b edición de autor,  |c 2003 
300 |a 1 disco compacto de computadora 
336 |a datos para computadora  |b cod  |2 rdacontenido 
337 |a computadora  |b c  |2 rdamedio 
338 |a disco de computadora  |b cd  |2 rdasoporte 
502 |a ITESO Tesis de Maestría en Filosofía Social 
649 |a XX 
650 |a Valores 
650 |a Grupos Sociales 
650 |a Psicología Social 
650 |a Sociología 
650 |a Trabajo -  |z México -  |x Aspectos Sociales y Culturales 
650 |a Familia -  |z Jalisco -  |x Condiciones Sociales y Culturales 
650 |a Trabajo -  |z Arandas, Jalisco -  |x Aspectos Sociales y Culturales 
650 |a Habitus 
650 |a Prácticas Culturales 
650 |a Familia -  |z Arandas, Jalisco -  |x Condiciones Sociales y Culturales 
650 |a Migración 
650 |a Axiología 
650 |a Pertenencia Social 
650 |a Familia -  |z México -  |x Condiciones Sociales y Culturales 
650 |a Trabajo -  |z Jalisco -  |x Aspectos Sociales y Culturales 
650 |a Jóvenes -  |z México -  |x Condiciones Sociales y Culturales 
650 |a Jóvenes -  |z Jalisco -  |x Condiciones Sociales y Culturales 
650 |a Jóvenes -  |z Arandas, Jalisco -  |x Condiciones Sociales y Culturales 
910 |a Fondo General 
920 |a Electrónicos - Tesis del ITESO en Disco 
905 |a 202 
901 |a 0500094754  |b IT2  |c STS  |u 20250521 
902 |a https://opac.biblio.iteso.mx/vufind/Record/000161758